| Tag |
First Indicator |
Second Indicator |
Subfields |
| LEADER |
00000pam a2200000 a 4500 |
| 001 |
in00000081223 |
| 005 |
20151008061003.0 |
| 008 |
810904s1981 nyua b 10100 eng |
| 010 |
|
|
|a 81014797
|
| 020 |
|
|
|a 0471099104
|
| 035 |
|
|
|a (OCoLC)07795348
|
| 035 |
|
|
|9 AAJ7041AM
|
| 039 |
0 |
|
|a 2
|b 3
|c 3
|d 3
|e 3
|
| 040 |
|
|
|a DLC
|c DLC
|d TXA
|d UtOrBLW
|
| 049 |
|
|
|a TXAM
|c [1673123]
|
| 050 |
0 |
0 |
|a HE7631
|b .C57
|
| 082 |
0 |
|
|a 380.3
|2 19
|
| 245 |
0 |
0 |
|a Communications in the twenty-first century /
|c edited by Robert W. Haigh, George Gerbner, Richard B. Byrne.
|
| 264 |
|
1 |
|a New York :
|b Wiley,
|c [1981]
|
| 264 |
|
4 |
|c ©1981
|
| 300 |
|
|
|a xviii, 240 pages :
|b illustrations ;
|c 24 cm.
|
| 336 |
|
|
|a text
|b txt
|2 rdacontent
|
| 337 |
|
|
|a unmediated
|b n
|2 rdamedia
|
| 338 |
|
|
|a volume
|b nc
|2 rdacarrier
|
| 500 |
|
|
|a "A Wiley-Interscience publication."
|
| 500 |
|
|
|a Based on a symposium held in the spring of 1981 in Richmond, Va. and sponsored by the Colgate Darden Graduate School of Business Administration at the University of Virginia in cooperation with the Annenberg Schools of Communications at the University of Pennsylvania and Southern California.
|
| 500 |
|
|
|a Includes index.
|
| 504 |
|
|
|a Bibliography: pages 223-225.
|
| 650 |
|
0 |
|a Telecommunication
|v Congresses.
|
| 650 |
|
0 |
|a Communication
|v Congresses.
|
| 700 |
1 |
|
|a Haigh, Robert W.,
|d 1926-
|
| 700 |
1 |
|
|a Gerbner, George.
|
| 700 |
1 |
|
|a Byrne, Richard B.
|
| 710 |
2 |
|
|a Colgate Darden Graduate School of Business Administration.
|
| 710 |
2 |
|
|a Annenberg School of Communications (University of Pennsylvania)
|
| 710 |
2 |
|
|a Annenberg School of Communications (University of Southern California)
|
| 999 |
|
|
|a MARS
|
| 999 |
f |
f |
|s 5b994e3d-8b04-3a03-874a-914570867ee9
|i c738eba1-8fa3-3e2c-a241-90d57d97adac
|t 0
|
| 952 |
f |
f |
|p ric
|a Texas A&M University
|b Rellis Campus
|c Joint Library Facility
|s JLF
|d Remote Storage
|t 0
|e HE7631 .C57
|h Library of Congress classification
|i unmediated -- volume
|m A14806133167
|
| 998 |
f |
f |
|a HE7631 .C57
|t 0
|l Remote Storage
|